000 00649nam a22002177a 4500
003 KOHA_MİRAKIL
005 20260424112554.0
008 260421b tu ||||| |||| 00| 0 tur d
020 _a9789752870758
040 _aTR-AnABB
_btur
_cTR-AnABB
041 _atur
082 _a322.109 561
_bAVC 2010
100 1 _aAvcı, Hanefi
245 1 0 _aHaliç'te yaşayan simonlar :
_bDün devlet bugün cemaat /
_cHanefi Avcı
250 _a13. baskı
260 _aAnkara :
_bAngora yayınevi,
_c2010
300 _a597 sayfa ;
_c20 cm
650 0 4 _aDini gruplar ve devlet ilişkisi
900 _bCan ÇELIK
942 _2ddc
_cBK
999 _c10318
_d10318